Ministering freedom from demonic oppression / (Record no. 8464)
[ view plain ]
| 000 -LEADER | |
|---|---|
| fixed length control field | 01217cam a2200277Ia 4500 |
| 001 - CONTROL NUMBER | |
| control field | 70159013 |
| 003 - CONTROL NUMBER IDENTIFIER | |
| control field | OCoLC |
| 005 - DATE AND TIME OF LATEST TRANSACTION | |
| control field | 20191101151741.0 |
| 008 - FIXED-LENGTH DATA ELEMENTS--GENERAL INFORMATION | |
| fixed length control field | 060622s2002 cou 001 0 eng |
| 020 ## - INTERNATIONAL STANDARD BOOK NUMBER | |
| International Standard Book Number | 1585020303 (pbk.) |
| 020 ## - INTERNATIONAL STANDARD BOOK NUMBER | |
| International Standard Book Number | 9781585020300 (pbk.) |
| 035 ## - SYSTEM CONTROL NUMBER | |
| System control number | (OCoLC)70159013 |
| 040 ## - CATALOGING SOURCE | |
| Original cataloging agency | KKQ |
| Transcribing agency | KKQ |
| Modifying agency | OCLCQ |
| -- | CIRBC |
| 092 ## - LOCALLY ASSIGNED DEWEY CALL NUMBER (OCLC) | |
| Classification number | 235.4 |
| Item number | M6653 |
| 092 ## - LOCALLY ASSIGNED DEWEY CALL NUMBER (OCLC) | |
| Classification number | 235.4 |
| Item number | M66m |
| 245 00 - TITLE STATEMENT | |
| Title | Ministering freedom from demonic oppression / |
| Statement of responsibility, etc. | Doris M. Wagner, general editor. |
| 260 ## - PUBLICATION, DISTRIBUTION, ETC. | |
| Place of publication, distribution, etc. | Colorado Springs, CO. : |
| Name of publisher, distributor, etc. | Wagner Publications, |
| Date of publication, distribution, etc. | 2002. |
| 300 ## - PHYSICAL DESCRIPTION | |
| Extent | 105 p. ; |
| Dimensions | 22 cm. |
| 440 #0 - SERIES STATEMENT/ADDED ENTRY--TITLE | |
| Title | Proven foundations for deliverance ; |
| Volume/sequential designation | bk. 1 |
| 500 ## - GENERAL NOTE | |
| General note | Includes index. |
| 505 0# - FORMATTED CONTENTS NOTE | |
| Formatted contents note | What ever happened to the words and works of Jesus? / Doris M. Wagner -- Can a Christian have a demon? / John Eckhardt -- How Satan diverts us from the path of God / Chuck D. Pierce -- The believer's authority over demonic spirits / Charles Kraft -- How to minister spiritual housecleaning / Alice Smith -- Deliverance in the local church / Chris Hayward -- How deliverance sustains revival / C. Peter Wagner. |
| 650 #0 - SUBJECT ADDED ENTRY--TOPICAL TERM | |
| Topical term or geographic name entry element | Exorcism. |
| 650 #0 - SUBJECT ADDED ENTRY--TOPICAL TERM | |
| Topical term or geographic name entry element | Demoniac possession. |
| 700 1# - ADDED ENTRY--PERSONAL NAME | |
| Personal name | Wagner, Doris M., |
| Dates associated with a name | 1932- |
| 942 ## - ADDED ENTRY ELEMENTS (KOHA) | |
| Source of classification or shelving scheme | Dewey Decimal Classification |
| Koha item type | Books |
| Withdrawn status | Lost status | Source of classification or shelving scheme | Damaged status | Not for loan | Collection code | Home library | Current library | Date acquired | Total Checkouts | Full call number | Barcode | Date last seen | Price effective from | Koha item type |
|---|---|---|---|---|---|---|---|---|---|---|---|---|---|---|
| Dewey Decimal Classification | Non-fiction | Harvest Mission College | Harvest Mission College | 01.11.2019 | 235.4 W132M | 009752 | 01.11.2019 | 01.11.2019 | Books | |||||
| Dewey Decimal Classification | Non-fiction | Harvest Mission College | Harvest Mission College | 08.11.2019 | 235.4 W132M | 009637 | 08.11.2019 | 08.11.2019 | Books |
